000 01762nam0a2200325 4500
001 RU\NLR\bibl\469807
005 20260407092456.0
021 _aRU
_b2004-46401
_92296
035 _a(NLR Aleph) 000463055
090 _a946100
_c946100
100 _a20031208d2003 |||y0rusy50 ca
101 0 _arus
102 _aRU
105 _ay |||||||||
200 1 _aЯков Васильевич Бочкарев
_fРос. акад. с.-х.н., Гос. науч. учреждение "Всерос.НИИ гидротехники и меоиорации им. А.Н. Костякова". Мещер. фил.
_g[Сост.: Ю.А. Мажайский, Д.П. Гостищев
_gРед. С.А. Ардашева
_gАвт. вступ. ст. Ю.А. Мажайский]
210 _aМ.
_cВНИИГиМ. МФ
_d2003
215 _a63 с.
_d21
225 1 _aМатериалы к биобиблиографии деятелей сельскохозяйственной и мелиоративной науки
320 _aАлф. указ. тр.: с. 41-63
600 1 _aБочкарев
_bЯ.В.
_f1928 - 2003
_gЯков Васильевич
_jБиобиблиография
_92332409
_3RU\NLR\auth\661394679
686 _aП06д(2)Бочкарев я15
702 1 _4220
_8rus
_7ca
_aМажайский
_bЮ. А.
_gЮрий Анатольевич
_3RU\NLR\auth\7772531
_955459
702 1 _aАрдашева
_bС. А.
_4340
712 0 2 _4570
_aВсероссийский НИИ гидротехники и мелиорации им. А. Н. Костякова
_bМещерский филиал
_3RU\NLR\AUTH\8810050358
_9600863
801 0 _aRU
_bNLR
_c20031208
_gPSBO
801 1 _aRU
_bNLR
_c20031208
830 _aСост. по кн.
942 _cBOOK
980 _aNB